[Event "ch-FRA Blitz Online Qual"]
[Site "Europe-Chess INT"]
[Date "2020.05.16"]
[Round "8"]
[White "Dimey, Cyrille"]
[Black "Citores, Mathis"]
[Result "1-0"]
[WhiteElo "1871"]
[BlackElo "1288"]
[WhiteFideId "20658273"]
[BlackFideId "45148350"]
[EventDate "2020.05.16"]

1. d4 d5 2. c4 Nf6 3. cxd5 Nxd5 4. Nf3 Bf5 5. Qb3 b6 6. Nc3 Nxc3 7. bxc3 e6 8.
Bf4 Bd6 9. Bxd6 cxd6 10. e3 Nc6 11. Bb5 Qc7 12. O-O O-O 13. Qd1 e5 14. Bxc6 Qxc6
15. dxe5 dxe5 16. Nxe5 Qe6 17. Nf3 Rad8 18. Nd4 Qg6 19. Qf3 Be4 20. Qg3 Rd6 21.
Qxg6 Rxg6 22. g3 h5 23. h4 f5 24. Rfd1 f4 25. exf4 Rxf4 26. Kf1 Rf8 27. Kg1 Rf4
28. Ne2 Rxh4 29. f4 Bf3 30. Rd8+ Kh7 31. Kf2 Bxe2 32. gxh4 Bc4 33. Re1 Rg4 34.
Ree8 Rxf4+ 35. Kg3 Rg4+ 36. Kh3 Bf1+ 37. Kh2 Rg2+ 38. Kh1 Rg4 39. Rh8+ Kg6 40.
Rd6+ Kf7 41. Rxh5 Bg2+ 42. Kh2 Bf3 43. Rf5+ Ke7 44. Rxf3 Rxh4+ 45. Kg3 Kxd6 46.
Rd3+ Ke5 47. Rf3 Ke4 48. Rf7 Rh7 49. Rxa7 Kd3 50. Ra3 b5 51. Rb3 Kc4 52. Kg4 Rh2
53. Kg3 Rxa2 54. Rb1 Kxc3 55. Rxb5 Ra3 56. Kg4 Ra4+ 57. Kg5 Kc4 58. Rb7 Ra5+ 59.
Kg6 Kc5 60. Kxg7 Kc6 61. Rf7 Kd5 62. Rf5+ Kc4 63. Rxa5 Kb4 64. Rh5 Kc4 65. Kf6
Kd4 66. Ke6 Ke4 67. Rh4+ Kf3 68. Ra4 Ke2 69. Ke5 Kd2 70. Ra3 Kc2 71. Rh3 Kb2 72.
Kd4 Kc1 73. Kc3 Kd1 74. Rh2 Ke1 75. Ra2 1-0

[Event "ch-FRA Blitz Online Qual"]
[Site "Europe-Chess INT"]
[Date "2020.05.16"]
[Round "8"]
[White "Levy, Kevin"]
[Black "Bachy, Louis"]
[Result "1-0"]
[WhiteElo "1740"]
[BlackElo "1264"]
[WhiteFideId "45128588"]
[BlackFideId "45161178"]
[EventDate "2020.05.16"]

1. e4 c5 2. d4 cxd4 3. c3 dxc3 4. Nxc3 e6 5. Nf3 Nc6 6. Bc4 a6 7. O-O b5 8. Bb3
Nge7 9. Bg5 Qc7 10. Rc1 Bb7 11. Qe2 Ng6 12. Nd5 exd5 13. exd5+ Be7 14. dxc6 dxc6
15. Rfe1 c5 16. a4 c4 17. axb5 axb5 18. Bc2 Bxf3 19. Qxf3 O-O 20. Bxe7 Nxe7 21.
Qe4 Ng6 22. h4 Rfe8 23. Qf5 Qb7 24. h5 Nf8 25. Be4 Rxe4 26. Qxe4 Qxe4 27. Rxe4
Rc8 28. Re5 b4 29. Rb5 c3 30. bxc3 bxc3 31. Rb3 Ne6 32. Rbxc3 Rxc3 33. Rxc3 h6
34. g4 Nd4 35. Ra3 Ne2+ 36. Kg2 Nf4+ 37. Kf3 Ne6 38. Ra7 Kf8 39. Ke4 Ng5+ 40.
Kf5 Kg8 41. f4 Ne6 42. g5 hxg5 43. fxg5 Nf8 44. Ra8 g6+ 45. hxg6 fxg6+ 46. Kf6 1-0

[Event "ch-FRA Blitz Online Qual"]
[Site "Europe-Chess INT"]
[Date "2020.05.16"]
[Round "8"]
[White "Albaladejo, Sylviane"]
[Black "Duvert, Francois"]
[Result "0-1"]
[WhiteElo "1025"]
[BlackElo "1729"]
[WhiteFideId "20605218"]
[BlackFideId "36072877"]
[EventDate "2020.05.16"]

1. e4 d5 2. exd5 Nf6 3. c4 Bg4 4. Be2 Bf5 5. Nc3 c6 6. d3 cxd5 7. Nxd5 Nxd5 8.
cxd5 Qa5+ 9. Bd2 Qxd5 10. Nf3 Bxd3 11. O-O e6 12. Qa4+ Nd7 13. Rfe1 Bxe2 14. Bf4
Bb5 15. Qd4 Qxd4 16. Nxd4 Bc6 17. a3 Be7 18. Nxc6 bxc6 19. Rac1 c5 20. h4 O-O
21. Red1 Nf6 22. Bd6 Bxd6 23. Rxd6 Rfd8 24. Rc6 Rac8 25. Rxc8 Rxc8 26. b4 c4 27.
Rc3 Nd5 28. Rc1 c3 29. b5 Kf8 30. f3 Ke7 31. Kf2 Kd6 32. Ke2 Nf4+ 33. Kf2 Nd3+
34. Ke2 Nxc1+ 35. Kd1 Nb3 36. g4 c2+ 0-1

[Event "ch-FRA Blitz Online Qual"]
[Site "Europe-Chess INT"]
[Date "2020.05.16"]
[Round "8"]
[White "Frazao, Thomas"]
[Black "Le Neindre, Yael"]
[Result "1-0"]
[WhiteElo "1719"]
[BlackElo "1258"]
[WhiteFideId "36083704"]
[BlackFideId "551064260"]
[EventDate "2020.05.16"]

1. e4 e5 2. Nf3 Nf6 3. d4 exd4 4. e5 Ng4 5. Nxd4 Nxe5 6. Qe2 Qe7 7. g3 Nbc6 8.
Nxc6 Nxc6 9. Qxe7+ Bxe7 10. Bg2 O-O 11. O-O Re8 12. Nc3 d6 13. Re1 Bf5 14. Bf4
Bxc2 15. Rac1 Bf5 16. Nb5 Rac8 17. Bxc6 bxc6 18. Rxc6 Bf6 19. Rxe8+ Rxe8 20.
Rxc7 a6 21. Nxd6 Re1+ 22. Kg2 Be6 23. Ra7 g5 24. Be3 g4 25. Ne4 Bd5 26. f3 Bxb2
27. Kf2 Rh1 28. Bh6 Rxh2+ 29. Ke3 Rxh6 30. Nd6 Kg7 31. Ne8+ Kf8 32. Nc7 Ke7 33.
Nxd5+ Ke6 34. Nf4+ Kf6 35. fxg4 Rh2 36. Rxa6+ Kg7 37. Rb6 Bc1+ 38. Ke4 Bxf4 39.
gxf4 Rxa2 40. Rb7 Ra4+ 41. Ke5 Kg6 42. Rb6+ f6+ 43. Rxf6+ Kg7 44. Rb6 Ra5+ 45.
Ke4 Ra4+ 46. Kf3 Ra3+ 47. Kg2 Ra2+ 48. Kh3 Ra3+ 49. Kh4 Ra1 50. Kg5 Ra5+ 51. f5
h6+ 52. Rxh6 Ra1 53. Rb6 Rg1 54. Rb7+ Kf8 55. Kf6 Re1 56. Rb8+ Re8 57. Rxe8+
Kxe8 58. Kg7 Ke7 59. f6+ Ke6 60. f7 Ke5 61. f8=Q Ke4 62. Kh7 Ke3 63. g5 Ke2 64.
g6 Ke1 65. g7 Ke2 66. g8=Q Ke3 67. Qe6+ Kd4 68. Qd8+ Kc5 69. Qec8+ Kb5 70. Qcc7
Ka6 71. Qdd6+ Kb5 72. Qcc5+ Ka4 73. Qdd4+ Kb3 74. Qcc3+ Ka2 75. Qdd2+ Kb1 76.
Qcc1# 1-0

[Event "ch-FRA Blitz Online Qual"]
[Site "Europe-Chess INT"]
[Date "2020.05.16"]
[Round "8"]
[White "Rieger, Emmanuel"]
[Black "Leccia, Thomas"]
[Result "0-1"]
[WhiteElo "1306"]
[BlackElo "1893"]
[WhiteFideId "551000091"]
[BlackFideId "36087270"]
[EventDate "2020.05.16"]

1. e4 e6 2. Nc3 d5 3. e5 c5 4. d4 Nc6 5. Bb5 Qb6 6. Bxc6+ bxc6 7. dxc5 Bxc5 8.
Na4 Bxf2+ 9. Kf1 Ba6+ 10. Ne2 Qb4 11. Kxf2 Qxa4 12. Re1 Qh4+ 13. Kg1 Ne7 14. Bf4
Ng6 15. g3 Qg4 16. h3 Qxh3 17. Qd2 Bxe2 18. Rxe2 Nxf4 19. Qxf4 O-O 20. Rh2 Qf5
21. Rf1 Qxf4 22. gxf4 f6 23. exf6 gxf6 24. f5 e5 25. Rg2+ Kf7 26. Rg4 Rg8 27.
Rxg8 Rxg8+ 28. Kh2 Rg5 29. Kh3 h5 30. Kh4 Ke7 31. Rf3 Kd6 32. c3 e4 33. Rf4 Ke5
34. Rf1 Rxf5 35. Rxf5+ Kxf5 36. Kg3 Ke5 37. b4 f5 38. Kf2 f4 39. a4 a6 40. a5
e3+ 41. Ke2 Ke4 42. Ke1 f3 43. Kd1 Kd3 44. Ke1 e2 45. Kf2 Kd2 0-1

[Event "ch-FRA Blitz Online Qual"]
[Site "Europe-Chess INT"]
[Date "2020.05.16"]
[Round "8"]
[White "De Nave, Julien"]
[Black "Benlatreche, Farid"]
[Result "1/2-1/2"]
[WhiteElo "1177"]
[BlackElo "1416"]
[WhiteFideId "45188360"]
[BlackFideId "551081474"]
[EventDate "2020.05.16"]

1. e4 c5 2. Nf3 d6 3. d4 cxd4 4. Nxd4 Nf6 5. Nc3 e6 6. Be2 Be7 7. Be3 a6 8. Nb3
O-O 9. O-O b5 10. a3 Bb7 11. f3 Nc6 12. Qe1 Rc8 13. Qg3 b4 14. axb4 Nxb4 15. Ra4
Nxc2 16. Bd2 Qb6+ 17. Kh1 Qxb3 18. Bh6 Nh5 19. Qg4 Ne3 20. Qh3 Nxf1 21. Qxh5
gxh6 22. Bxf1 Qxb2 23. e5 Kh8 24. Qxh6 Qf2 25. h3 Qxf1+ 26. Kh2 Rxc3 27. exd6
Bxd6+ 28. Rf4 Bxf4+ 29. Qxf4 Rc2 30. Qf6+ Kg8 31. Qg5+ Kh8 32. Qf6+ Kg8 33. Qg5+
Kh8 34. Qf6+ 1/2-1/2

[Event "ch-FRA Blitz Online Qual"]
[Site "Europe-Chess INT"]
[Date "2020.05.16"]
[Round "8"]
[White "Pernoud, Claire"]
[Black "Negre, Maxime"]
[Result "1-0"]
[WhiteElo "1428"]
[BlackElo "1105"]
[WhiteFideId "663018"]
[BlackFideId "45187231"]
[EventDate "2020.05.16"]

1. e4 e5 2. Nf3 Nc6 3. Bb5 Bc5 4. O-O d6 5. c3 Nf6 6. Re1 O-O 7. d4 exd4 8. cxd4
Bb4 9. Bd2 Bxd2 10. Qxd2 Bd7 11. Nc3 Ne7 12. Bxd7 Qxd7 13. Rad1 Ng6 14. e5 dxe5
15. dxe5 Qxd2 16. Rxd2 Nh5 17. Nd5 c6 18. Nc3 Nhf4 19. Rd7 b6 20. Ne4 Rfd8 21.
Red1 Re8 22. Rc7 Red8 23. Rdd7 h6 24. g3 Rxd7 25. Rxd7 Ne6 26. Rd6 c5 27. Kg2
Nd4 28. Nxd4 cxd4 29. Rxd4 Nxe5 30. f4 Nc6 31. Rd7 a5 32. Kf3 b5 33. Rd6 Ne7 34.
Rb6 b4 35. Kg4 Kh7 36. h4 g6 37. Rb7 Re8 38. Nf6+ Kh8 39. Nxe8 f5+ 40. Kf3 Nc6
41. Rb6 Nd4+ 42. Ke3 Nc2+ 43. Kd3 Ne1+ 44. Ke2 Nc2 45. Rxg6 Kh7 46. Ra6 Nd4+ 47.
Kd3 1-0

[Event "ch-FRA Blitz Online Qual"]
[Site "Europe-Chess INT"]
[Date "2020.05.16"]
[Round "8"]
[White "Lebrun, Leo"]
[Black "Frazao, Pascal"]
[Result "1-0"]
[WhiteElo "1441"]
[BlackElo "1165"]
[WhiteFideId "26097435"]
[BlackFideId "45127557"]
[EventDate "2020.05.16"]

1. e4 c6 2. Nf3 d5 3. exd5 cxd5 4. d4 e6 5. Nc3 Bb4 6. Bd3 Bxc3+ 7. bxc3 Nf6 8.
O-O O-O 9. Bg5 Nbd7 10. Ne5 b6 11. Bb5 Qc7 12. Nxd7 Bxd7 13. Bxf6 Bxb5 14. Qg4
Bxf1 15. Qxg7# 1-0

[Event "ch-FRA Blitz Online Qual"]
[Site "Europe-Chess INT"]
[Date "2020.05.16"]
[Round "8"]
[White "Lebrun, Mathieu"]
[Black "Chevillon, Manon"]
[Result "0-1"]
[WhiteElo "1177"]
[BlackElo "1356"]
[WhiteFideId "36094099"]
[BlackFideId "45135690"]
[EventDate "2020.05.16"]

1. e4 e5 2. Nf3 Nc6 3. d4 exd4 4. Nxd4 Qf6 5. Be3 Bc5 6. Nf3 Bxe3 7. fxe3 Qxb2
8. Nbd2 Qb6 9. Bd3 Qxe3+ 10. Qe2 Qxe2+ 11. Bxe2 Nge7 12. O-O d6 13. Ng5 h6 14.
Nxf7 Rf8 15. Bc4 b5 16. Bb3 Nd4 17. Nxh6 gxh6 18. Rxf8+ Kxf8 19. Rf1+ Ke8 20.
Bf7+ Kd7 21. Rf6 Ba6 22. Be6+ Kc6 23. Bd5+ Nxd5 24. exd5+ Kxd5 25. Rxh6 Rb8 26.
c3 Rf8 27. cxd4 b4 28. Rh5+ Kc6 29. d5+ Kb7 30. Rh4 b3 31. Rb4+ Ka8 32. Rxb3 Rf5
33. Nf3 Rxd5 34. Re3 Rd1+ 35. Kf2 Ra1 36. Ra3 Bb7 37. Nd4 Rd1 0-1

[Event "ch-FRA Blitz Online Qual"]
[Site "Europe-Chess INT"]
[Date "2020.05.16"]
[Round "8"]
[White "Bosc, Frederic"]
[Black "Guillou, Paul"]
[Result "1-0"]
[WhiteElo "1365"]
[BlackElo "1157"]
[WhiteFideId "36030970"]
[BlackFideId "551031140"]
[EventDate "2020.05.16"]

1. e4 c5 2. c3 Nc6 3. d4 cxd4 4. cxd4 e6 5. Nf3 d5 6. exd5 exd5 7. Bb5 Bd7 8.
Bxc6 Bxc6 9. O-O Nf6 10. Nc3 Be7 11. Bf4 O-O 12. Qd2 Qb6 13. a3 Rac8 14. Rab1
Qd8 15. b4 Bd6 16. Bg5 Be7 17. Rfe1 h6 18. Bh4 a6 19. a4 Re8 20. b5 axb5 21.
axb5 Bd7 22. Bxf6 Bxf6 23. Nxd5 Rxe1+ 24. Qxe1 Be6 25. Nxf6+ Qxf6 26. Qe5 Qg6
27. Re1 Re8 28. Qg3 Qc2 29. d5 Bd7 30. Rxe8+ Bxe8 31. h3 Bxb5 32. Qb8+ Kh7 33.
Qxb7 Qd3 34. Qxf7 Qf1+ 35. Kh2 Qd3 36. Qe6 Bc4 37. Ne5 Qxd5 38. Qxd5 Bxd5 39. f4
Kg8 40. Kg3 Kf8 41. Kf2 Ke7 42. Ke3 Bxg2 43. h4 Ke6 44. Kd4 Bd5 45. Ng6 Ba2 46.
Ke3 Bb1 47. Ne5 Kf5 48. Nf3 1-0

[Event "ch-FRA Blitz Online Qual"]
[Site "Europe-Chess INT"]
[Date "2020.05.16"]
[Round "8"]
[White "Fronius, Lino"]
[Black "Falip Morales, Tom"]
[Result "0-1"]
[WhiteElo "1313"]
[BlackElo "1344"]
[WhiteFideId "36050083"]
[BlackFideId "45181764"]
[EventDate "2020.05.16"]

1. e4 e6 2. Nf3 d5 3. e5 c5 4. c3 Nc6 5. d4 Qb6 6. Qb3 cxd4 7. Qxb6 axb6 8. cxd4
Bb4+ 9. Nc3 Nge7 10. a3 Nf5 11. Be3 Bd7 12. Bd3 Nxe3 13. fxe3 O-O 14. O-O Bxc3
15. bxc3 Na7 16. Kf2 Nb5 17. Bxb5 Bxb5 18. Rfb1 Ra5 19. a4 Rfa8 20. Rb4 Bxa4 21.
Rxb6 Bc6 22. Rab1 Ra3 23. R6b3 Ra2+ 24. R1b2 R8a3 25. Ng5 h6 26. Nf3 f6 27. Rxa2
Rxa2+ 28. Kg3 Kf7 29. h3 Re2 30. exf6 gxf6 31. Kf4 Rxg2 32. Ra3 Rg8 33. Ra7 Ke7
34. e4 dxe4 35. Nd2 f5 36. c4 Rd8 37. Nb3 Kf6 38. h4 Rd7 0-1

[Event "ch-FRA Blitz Online Qual"]
[Site "Europe-Chess INT"]
[Date "2020.05.16"]
[Round "8"]
[White "Baudouin, Moise"]
[Black "Gombrowicz, Renaud"]
[Result "0-1"]
[WhiteElo "1135"]
[BlackElo "1343"]
[WhiteFideId "45116369"]
[BlackFideId "651019760"]
[EventDate "2020.05.16"]

1. c4 e5 2. g3 d6 3. Bg2 Nc6 4. Nf3 Bd7 5. d4 e4 6. Ng5 f5 7. O-O Nf6 8. Nc3 Be7
9. d5 Ne5 10. Nh3 Nxc4 11. Qb3 Nb6 12. Nf4 Qc8 13. f3 O-O 14. fxe4 fxe4 15. Nxe4
Nfxd5 16. Nxd5 Be6 17. Nxe7+ Kh8 18. Rxf8+ Qxf8 19. Qxe6 Re8 20. Bg5 Nc8 21. Qh3
Nxe7 0-1

[Event "ch-FRA Blitz Online Qual"]
[Site "Europe-Chess INT"]
[Date "2020.05.16"]
[Round "8"]
[White "Brunet-Moret, Leopold"]
[Black "Guigay, Joel"]
[Result "1-0"]
[WhiteElo "1109"]
[BlackElo "1315"]
[WhiteFideId "551078201"]
[BlackFideId "45174016"]
[EventDate "2020.05.16"]

1. d4 d5 2. c4 e6 3. Nc3 Nf6 4. Bg5 c5 5. dxc5 Bxc5 6. Bxf6 Qxf6 7. cxd5 exd5 8.
Nf3 Be6 9. Nxd5 Bxd5 10. Qxd5 Bb4+ 11. Nd2 O-O 12. Qb3 Nc6 13. O-O-O Rac8 14.
Kb1 Qf5+ 15. Qd3 Qxf2 16. Qf3 Qc5 17. Ne4 Qe7 18. g3 Ba5 19. Bg2 Bb6 20. Nd6
Rcd8 21. Nf5 Qf6 22. Nh4 Rxd1+ 23. Rxd1 Qxf3 24. Bxf3 Ne5 25. Bxb7 g6 26. Nf3
Ng4 27. h3 Ne3 28. Rd3 Rb8 29. Be4 f5 30. Bd5+ Kg7 31. Bb3 Re8 32. Rd7+ Kf8 33.
Rxh7 Ng2 34. Rf7+ Kg8 35. Rxf5+ Kg7 36. Rf7+ Kh6 37. g4 Rxe2 38. g5+ Kh5 39.
Rh7# 1-0

[Event "ch-FRA Blitz Online Qual"]
[Site "Europe-Chess INT"]
[Date "2020.05.16"]
[Round "8"]
[White "Mirguet, Ulysse"]
[Black "Vidoni, Salma"]
[Result "0-1"]
[WhiteElo "1105"]
[BlackElo "1309"]
[WhiteFideId "36044300"]
[BlackFideId "45107556"]
[EventDate "2020.05.16"]

1. e4 c5 2. Nf3 Nc6 3. Bb5 g6 4. c3 Bg7 5. O-O Nf6 6. Re1 O-O 7. b3 d5 8. e5 Ng4
9. Bxc6 bxc6 10. Bb2 Qc7 11. d4 cxd4 12. cxd4 f6 13. h3 Nh6 14. e6 Qd6 15. g3
Bxe6 16. Ba3 Qd7 17. Qe2 Bxh3 18. Bxe7 Rfe8 19. Kh2 Bf8 20. Ng1 Bg4 21. f3 Rxe7
22. Qxe7 Bxe7 23. fxg4 Nxg4+ 24. Kh1 Nf2+ 25. Kg2 Nd3 26. Re3 Nb4 27. Na3 Re8
28. Rae1 Na6 29. Nc2 Qg4 30. a3 Nc7 31. Rxe7 Rxe7 32. Rxe7 Nb5 33. b4 Nc3 34.
Ne3 Qg5 35. Kf3 Ne4 36. Re8+ Kf7 37. Ra8 Qxg3+ 0-1

[Event "ch-FRA Blitz Online Qual"]
[Site "Europe-Chess INT"]
[Date "2020.05.16"]
[Round "8"]
[White "Rigaud-Retourne, Mael"]
[Black "Thibous, Mathis"]
[Result "1-0"]
[WhiteElo "1103"]
[BlackElo "1313"]
[WhiteFideId "45167478"]
[BlackFideId "45163014"]
[EventDate "2020.05.16"]

1. e4 c5 2. Nf3 a6 3. d4 cxd4 4. Nxd4 Nf6 5. Nc3 e5 6. Nb3 Bb4 7. Bd2 O-O 8. Bc4
Bxc3 9. Bxc3 Nxe4 10. Bxe5 Re8 11. Qd5 Qe7 12. Qxe4 d6 13. O-O Qxe5 14. Qf3 Qe7
15. h3 Qc7 16. Rfe1 Rd8 17. Qe4 h6 18. Bd3 g6 19. Qh4 Kg7 20. Re7 Qb6 21. Qf4
Be6 22. Re1 Nc6 23. R1xe6 Kf8 24. Qxf7# 1-0

[Event "ch-FRA Blitz Online Qual"]
[Site "Europe-Chess INT"]
[Date "2020.05.16"]
[Round "8"]
[White "Molines, Martin"]
[Black "Serieys, Philippe"]
[Result "1-0"]
[WhiteElo "1033"]
[BlackElo "1210"]
[WhiteFideId "45191298"]
[BlackFideId "36092576"]
[EventDate "2020.05.16"]

1. e4 c5 2. Nf3 Nc6 3. d4 cxd4 4. Nxd4 a6 5. Nxc6 bxc6 6. Nc3 d6 7. Bd3 c5 8.
Be3 e5 9. O-O Nf6 10. Re1 Be7 11. Bg5 O-O 12. Qd2 Rb8 13. b3 Bb7 14. Bc4 h6 15.
Bxf6 Bxf6 16. Nd5 Bxd5 17. Qxd5 Qe7 18. Rad1 Rbd8 19. Bxa6 Qa7 20. Qb7 Qxb7 21.
Bxb7 Be7 22. Bd5 Kh8 23. Re3 f5 24. Rf3 f4 25. Be6 Rf6 26. Bf5 Rg8 27. Bg4 g6
28. Bh3 h5 29. g3 g5 30. Bg2 g4 31. Rfd3 f3 32. Bf1 Rgg6 33. h3 Rh6 34. a4 gxh3
35. Bxh3 h4 36. Bg4 hxg3 37. Rxf3 Rfg6 38. Rxg3 Bh4 39. Rg2 Rg5 40. Bh3 Rxg2+
41. Bxg2 Rg6 42. a5 Rg8 43. Rxd6 Ra8 44. Rh6+ Kg7 45. Rxh4 Rxa5 46. Rg4+ Kf6 47.
Bf3 Ra1+ 48. Kg2 Rc1 49. c4 Rb1 50. Rh4 Rxb3 51. Rh6+ Kg5 52. Rh5+ Kf4 53. Rf5# 1-0

[Event "ch-FRA Blitz Online Qual"]
[Site "Europe-Chess INT"]
[Date "2020.05.16"]
[Round "8"]
[White "Anas, Jacques"]
[Black "Porchel, Baptiste"]
[Result "1-0"]
[WhiteElo "1304"]
[BlackElo "1104"]
[WhiteFideId "36094552"]
[BlackFideId "45193037"]
[EventDate "2020.05.16"]

1. d4 d6 2. c4 e6 3. Nc3 b6 4. Nf3 Bb7 5. d5 exd5 6. cxd5 Nf6 7. e4 Qe7 8. Bg5
h6 9. Bxf6 Qxf6 10. Bc4 c6 11. dxc6 Nxc6 12. O-O Be7 13. Nd5 Qxb2 14. Nc7+ Kd7
15. Nxa8 Qb4 16. Bxf7 Qxe4 17. Nxb6+ axb6 18. Bd5 Qf5 19. Bxc6+ Bxc6 20. Nd4 Qd5
21. Nxc6 Qxc6 22. Rc1 Qe4 23. Qb3 Qd4 24. Qb5+ Kd8 25. Qa6 Kd7 26. Qb7+ Ke8 27.
Rc8+ Bd8 28. Re1+ Qe5 29. Rxe5+ dxe5 30. Qc6+ Kf7 31. Qd7+ Kg6 32. Rxd8 Rh7 33.
Qd6+ Kh5 34. h3 g5 35. Qxe5 Ra7 36. Qe4 Rxa2 37. Kh2 b5 38. Rd6 Ra4 39. Qg6+ Kh4
40. g3# 1-0

[Event "ch-FRA Blitz Online Qual"]
[Site "Europe-Chess INT"]
[Date "2020.05.16"]
[Round "8"]
[White "Langer, Karele"]
[Black "Migus, Ethan"]
[Result "0-1"]
[WhiteElo "1282"]
[BlackElo "1084"]
[WhiteFideId "551017938"]
[BlackFideId "551047594"]
[EventDate "2020.05.16"]

1. d4 d5 2. c4 e6 3. cxd5 exd5 4. Nc3 Nf6 5. Bg5 Nbd7 6. Nf3 Be7 7. Qb3 c6 8. e3
O-O 9. Bd3 Nh5 10. Bxe7 Qxe7 11. Qc2 g6 12. O-O Ndf6 13. Rac1 Re8 14. Rb1 Ne4
15. Nxe4 dxe4 16. Bxe4 Qxe4 17. Qxe4 Rxe4 18. b4 Re7 19. b5 Rc7 20. bxc6 Rxc6
21. Ne5 Rc7 22. Rfc1 Rxc1+ 23. Rxc1 Be6 24. Rc7 Rc8 25. Rxc8+ Bxc8 26. g3 Be6
27. a3 Nf6 28. Kg2 Nd5 29. Kf3 Nc3 30. e4 Nb5 31. a4 Nxd4+ 32. Ke3 Nb3 33. Kd3
Nc5+ 34. Kc3 Nxe4+ 35. Kb4 Nxf2 36. a5 Ne4 37. Kb5 Nc3+ 38. Kb4 Nd5+ 39. Kb5
Nc7+ 40. Kb4 b6 41. axb6 axb6 42. Nc6 Bd5 43. Ne7+ Kf8 44. Nxd5 Nxd5+ 45. Kb5
Ne3 46. Kxb6 Ng4 47. h3 Nf2 48. h4 Ne4 49. g4 Nf2 50. g5 Ne4 51. Kc6 f6 52. Kd5
Nxg5 53. hxg5 fxg5 54. Ke4 Kg7 55. Kf3 h6 56. Kg4 Kf6 57. Kg3 Kf5 58. Kf3 g4+
59. Kg3 h5 60. Kg2 h4 61. Kh2 Kf4 62. Kg2 g3 63. Kg1 g5 64. Kg2 g4 65. Kf1 h3
66. Kg1 Kf3 67. Kh1 Kf4 68. Kg1 Ke3 69. Kh1 Kf3 70. Kg1 h2+ 71. Kh1 Kf4 72. Kg2
Ke3 73. Kh1 Kf4 74. Kg2 Kg5 75. Kh1 Kh4 76. Kg2 h1=Q+ 77. Kxh1 Kh3 78. Kg1 g2
79. Kf2 Kh2 80. Ke2 g1=Q 81. Kd2 Qc5 82. Ke2 g3 83. Kf1 Qc2 84. Ke1 Kh3 85. Kf1
g2+ 86. Ke1 g1=Q# 0-1

[Event "ch-FRA Blitz Online Qual"]
[Site "Europe-Chess INT"]
[Date "2020.05.16"]
[Round "8"]
[White "Morand, Olivier"]
[Black "Naillou, Jean-Marc"]
[Result "0-1"]
[WhiteElo "1009"]
[BlackElo "1449"]
[WhiteFideId "45104387"]
[BlackFideId "36047724"]
[EventDate "2020.05.16"]

1. e4 e5 2. Nf3 Nc6 3. Bc4 Bc5 4. c3 Nf6 5. d4 exd4 6. cxd4 Bb4+ 7. Nc3 Nxe4 8.
O-O Nxc3 9. Re1+ Ne7 10. Qc2 O-O 11. bxc3 Bd6 12. Be3 Ng6 13. Ng5 Qf6 14. d5 h6
15. Ne4 Qf5 16. Bd4 Be5 17. Bxe5 Nxe5 18. Bb5 a6 19. Ba4 b5 20. Bb3 d6 21. Rad1
Qg6 22. Rd4 Bh3 23. g3 Nf3+ 24. Kh1 Nxe1 25. f4 Nxc2 26. Bxc2 Qg4 27. Nf2 Qf3+
28. Kg1 Qg2# 0-1

[Event "ch-FRA Blitz Online Qual"]
[Site "Europe-Chess INT"]
[Date "2020.05.16"]
[Round "9"]
[White "Jobava, Baadur"]
[Black "Travadon, Loic"]
[Result "1-0"]
[WhiteTitle "GM"]
[BlackTitle "IM"]
[WhiteElo "2603"]
[BlackElo "2431"]
[WhiteFideId "13601520"]
[BlackFideId "26092131"]
[EventDate "2020.05.16"]

1. d4 Nf6 2. Bg5 b6 3. Bxf6 gxf6 4. g3 Bb7 5. Nf3 h5 6. Bg2 e6 7. Nbd2 Nc6 8. c3
Ne7 9. Nh4 d5 10. Qa4+ c6 11. Qc2 Bh6 12. O-O Rc8 13. e4 c5 14. exd5 Nxd5 15.
dxc5 Rxc5 16. Rad1 Rc7 17. Rfe1 Kf8 18. Ndf3 Qc8 19. Nd4 Ne7 20. Bxb7 Qxb7 21.
Qe2 Bg5 22. Nhf3 Rc5 23. h4 Bh6 24. Nxe6+ fxe6 25. Qxe6 Nd5 26. Rxd5 Rxd5 27.
Qxf6+ Kg8 28. Re8+ Bf8 29. Rxf8+ Kh7 30. Rxh8# 1-0

[Event "ch-FRA Blitz Online Qual"]
[Site "Europe-Chess INT"]
[Date "2020.05.16"]
[Round "9"]
[White "Arnaudov, G. Petar"]
[Black "Baklan, Vladimir"]
[Result "0-1"]
[WhiteTitle "GM"]
[BlackTitle "GM"]
[WhiteElo "2471"]
[BlackElo "2587"]
[WhiteFideId "2907127"]
[BlackFideId "14102196"]
[EventDate "2020.05.16"]

1. Nf3 Nf6 2. c4 g6 3. Nc3 Bg7 4. e4 d6 5. d4 O-O 6. h3 c6 7. Be3 e5 8. d5 Na6
9. g4 Nc5 10. Nd2 a5 11. Be2 a4 12. a3 Qa5 13. Kf1 Bd7 14. Kg2 cxd5 15. cxd5 b5
16. Qc2 Rfc8 17. Rhc1 b4 18. Nc4 b3 19. Qd1 Qc7 20. f3 Qb8 21. Qd2 Ne8 22. Rh1
Rc7 23. h4 f5 24. h5 f4 25. Bf2 g5 26. h6 Bf8 27. Rac1 Be7 28. Nb1 Bb5 29. Qb4
Rb7 30. Nbd2 Nd7 31. Qc3 Nc7 32. Bf1 Ba6 33. Na5 Nb5 34. Bxb5 Rxb5 35. Nc6 Qe8
36. Nc4 Bf8 37. Rh5 Qg6 38. Qd2 Re8 39. Rc3 Nf6 40. Rh1 Nxe4 41. fxe4 Qxe4+ 42.
Kh2 Rxd5 43. Qe1 Qg6 44. Nb6 Rd3 45. Rxd3 Bxd3 46. Nb4 Be4 47. Kg1 Bxh1 48. Kxh1
e4 49. N6d5 e3 50. Bg1 Qe4+ 51. Kh2 Re6 52. Qc3 Rxh6# 0-1

[Event "ch-FRA Blitz Online Qual"]
[Site "Europe-Chess INT"]
[Date "2020.05.16"]
[Round "9"]
[White "Guseinov, Gadir"]
[Black "Vedmediuc, Serghei"]
[Result "1-0"]
[WhiteTitle "GM"]
[BlackTitle "IM"]
[WhiteElo "2665"]
[BlackElo "2464"]
[WhiteFideId "13401378"]
[BlackFideId "13900790"]
[EventDate "2020.05.16"]

1. e4 c6 2. d4 d5 3. Nd2 dxe4 4. Nxe4 Bf5 5. Ng3 Bg6 6. h4 h6 7. Nf3 Nd7 8. h5
Bh7 9. Bd3 Bxd3 10. Qxd3 Ngf6 11. Bd2 e6 12. O-O-O Qc7 13. Ne4 O-O-O 14. g3 Nxe4
15. Qxe4 Nf6 16. Qe2 Bd6 17. c4 c5 18. Bc3 cxd4 19. Nxd4 a6 20. Kb1 Rd7 21. Nb3
Qc6 22. Na5 Qc7 23. Qf3 Be7 24. Rxd7 Qxd7 25. Rd1 Qc7 26. b4 Rd8 27. Rxd8+ Bxd8
28. a3 Qd7 29. Nb3 Be7 30. Kb2 Qc7 31. Na5 Qd7 32. c5 Qd5 33. Qxd5 exd5 34. Bxf6
Bxf6+ 35. Kc2 Bd4 36. f3 Bf2 37. g4 b6 38. cxb6 Bxb6 39. Nb3 Kc7 40. Kd3 Kd6 41.
Nd4 Ke5 42. Ne2 g6 43. f4+ Ke6 44. Nd4+ Kf6 45. a4 Bc7 46. Ke3 Bb6 47. a5 Bc7
48. Kf3 gxh5 49. gxh5 Bd6 50. b5 Bc5 51. Nb3 Bg1 52. b6 Ke6 53. Ke2 Kd6 54. Kd3
Kc6 55. Nd4+ Kb7 56. Nf5 Bh2 57. Nxh6 Bxf4 58. Nxf7 1-0